00510nam a2200097Ia 4500008004100000040004400041100008500085245022400170260000900394300000900403180412s9999||||xx |||||||||||||| ||und|| aAhmadu Bello University Library - Zaria aIMPLICATIONS of individual and small group learning systems in medical education 0aIMPLICATIONS of individual and small group learning systems in medical education;report of a WHOstudy group.cIMPLICATIONS of individual and small group learning system in medical education ;report of a WHO study group. c1972 a32p.